អក្សរសាស្រ្តខ្មែរ (Record no. 9019)
[ view plain ]
| 000 -LEADER | |
|---|---|
| fixed length control field | 00264nam a22001097a 4500 |
| 040 ## - CATALOGING SOURCE | |
| Transcribing agency | SY |
| 082 ## - DEWEY DECIMAL CLASSIFICATION NUMBER | |
| Classification number | 895 |
| 100 ## - MAIN ENTRY--AUTHOR NAME | |
| Personal name | ហ៊ីង សាលីន |
| 245 ## - TITLE STATEMENT | |
| Title | អក្សរសាស្រ្តខ្មែរ |
| 260 ## - PUBLICATION, DISTRIBUTION, ETC. (IMPRINT) | |
| Place of publication | RUA |
| Name of publisher | ហ៊ីង |
| Year of publication | 2008 |
| 942 ## - ADDED ENTRY ELEMENTS (KOHA) | |
| Koha item type | សៀវភៅភាសាខ្មែរ |
| 952 ## - LOCATION AND ITEM INFORMATION (KOHA) | |
| Withdrawn status [LOCAL, KOHA] | 0 |
| 952 ## - LOCATION AND ITEM INFORMATION (KOHA) | |
| Withdrawn status [LOCAL, KOHA] | 0 |
| 952 ## - LOCATION AND ITEM INFORMATION (KOHA) | |
| Withdrawn status [LOCAL, KOHA] | 0 |
| Koha item type | Barcode | Lost status | Permanent Location | Current Location | Date acquired | Full call number |
|---|---|---|---|---|---|---|
| សៀវភៅភាសាខ្មែរ | RUA043009 | Library Block C | Library Block C | 2016-08-23 | 895 ហ៊ីង 2008 | |
| សៀវភៅភាសាខ្មែរ | RUA042913 | Library Block C | Library Block C | 2016-08-23 | 895 ហ៊ីង 2008 | |
| សៀវភៅភាសាខ្មែរ | RUA042330 | Library Block C | Library Block C | 2016-08-23 | 895 ហ៊ីង 2008 |